|
|
|
|
| LEADER |
00000cam a2200000 7i4500 |
| 001 |
0000046977 |
| 005 |
20150412.0 |
| 008 |
150412 |
| 020 |
|
|
|a 9679413373(set)
|
| 020 |
|
|
|a 9679413454
|
| 020 |
|
|
|a 9789679413458
|
| 090 |
0 |
0 |
|a 959.5
|b MOH
|
| 100 |
1 |
|
|a Mohamed Roselan Abd. Malek
|
| 245 |
1 |
0 |
|a Negeri Pahang Darul Makmur
|c Mohamed Roselan Abd. Malek
|
| 260 |
|
|
|a Selangor :
|b Oscar Book International ,
|c 1998
|
| 490 |
1 |
|
|a Siri kesan sejarah dan tempat-tempat menarik
|
| 650 |
|
0 |
|a Pahang
|x Description and travel
|
| 650 |
|
0 |
|a Pahang
|x History
|
| 999 |
|
|
|a 0000713304
|b Book
|c Adult Collection
|e Cawangan Mersing
|
| 999 |
|
|
|a 0000713317
|b Book
|c Adult Collection
|e Cawangan Bandar Penawar
|
| 999 |
|
|
|a 0000713336
|b Book
|c Adult Collection
|e Cawangan Tmn. Ungku Tun Aminah
|
| 999 |
|
|
|a 0000713338
|b Book
|c Adult Collection
|e Cawangan Pontian
|
| 999 |
|
|
|a 0000713340
|b Book
|c Adult Collection
|e Cawangan Muar
|
| 999 |
|
|
|a 0000713341
|b Book
|c Adult Collection
|e Cawangan Mersing
|
| 999 |
|
|
|a 0000713347
|b Book
|c Adult Collection
|e Cawangan Muar
|